[Event "Aarhus Mesterskabet"]
[Site "Aarhus"]
[Date "1995.??.??"]
[Round "2"]
[White "Christensen, Jan"]
[Black "Sobjerg, Erik"]
[Result "1/2-1/2"]
[WhiteElo "2240"]
[BlackElo "2275"]
[PlyCount "21"]
[EventDate "1995.??.??"]
[EventType "tourn"]
[EventRounds "7"]
[EventCountry "DEN"]
[EventCategory "2"]
[SourceTitle "EXT 1997"]
[Source "ChessBase"]
[SourceDate "1996.11.15"]

1. d4 d5 2. Nf3 Bf5 3. c4 e6 4. Nc3 c6 5. cxd5 exd5 6. Bg5 Be7 7. Bxe7 Nxe7 8.
e3 Nd7 9. Bd3 O-O 10. O-O Re8 11. b4 1/2-1/2

[Event "Aarhus Mesterskabet"]
[Site "Aarhus"]
[Date "1995.??.??"]
[Round "4"]
[White "Christensen, Jan"]
[Black "Rewitz, Poul"]
[Result "0-1"]
[WhiteElo "2240"]
[BlackElo "2325"]
[PlyCount "70"]
[EventDate "1995.??.??"]
[EventType "tourn"]
[EventRounds "7"]
[EventCountry "DEN"]
[EventCategory "2"]
[SourceTitle "EXT 1997"]
[Source "ChessBase"]
[SourceDate "1996.11.15"]

1. Nf3 d5 2. c4 d4 3. g3 Nc6 4. Bg2 e5 5. d3 Bb4+ 6. Bd2 a5 7. O-O Nf6 8. Na3
O-O 9. Nc2 Bxd2 10. Qxd2 Nd7 11. e4 Nc5 12. b4 axb4 13. Rfb1 Qd6 14. Nfe1 Na4
15. Rb3 Nc3 16. a3 Be6 17. Nxb4 Nxb4 18. Rxb4 Qxb4 19. axb4 Rxa1 20. h4 Rd1 21.
Qg5 Rxe1+ 22. Kh2 f6 23. Qh5 Re2 24. Qf3 Rd2 25. Bh3 Bxh3 26. Kxh3 Nd1 27. Qf5
Nxf2+ 28. Kg2 Nxd3+ 29. Kh3 Nf2+ 30. Kg2 Nxe4+ 31. Kh3 Nf2+ 32. Kg2 e4 33. Qe6+
Kh8 34. Qe7 Rg8 35. Qxc7 Ng4+ 0-1

[Event "Aarhus Mesterskabet"]
[Site "Aarhus"]
[Date "1995.??.??"]
[Round "2"]
[White "Hansen, Lars"]
[Black "Sogaard, Soren"]
[Result "0-1"]
[WhiteElo "2220"]
[BlackElo "2270"]
[PlyCount "42"]
[EventDate "1995.??.??"]
[EventType "tourn"]
[EventRounds "7"]
[EventCountry "DEN"]
[EventCategory "2"]
[SourceTitle "EXT 1997"]
[Source "ChessBase"]
[SourceDate "1996.11.15"]

1. e4 e5 2. Bc4 c6 3. Nc3 Bb4 4. Nf3 Nf6 5. O-O O-O 6. Nxe5 d5 7. exd5 cxd5 8.
Bb3 d4 9. Ne2 Bd6 10. Nf3 d3 11. Ng3 Nc6 12. Ne1 Ng4 13. Nxd3 Qh4 14. h3 Nxf2
15. Nxf2 Qxg3 16. Ne4 Qh2+ 17. Kf2 Bxh3 18. Qf3 Nd4 19. Qxh3 Qf4+ 20. Kg1 Ne2+
21. Kh1 Qxf1# 0-1

[Event "Aarhus Mesterskabet"]
[Site "Aarhus"]
[Date "1995.??.??"]
[Round "5"]
[White "Hansen, Lars"]
[Black "Christensen, Jan"]
[Result "1-0"]
[WhiteElo "2220"]
[BlackElo "2240"]
[PlyCount "79"]
[EventDate "1995.??.??"]
[EventType "tourn"]
[EventRounds "7"]
[EventCountry "DEN"]
[EventCategory "2"]
[SourceTitle "EXT 1997"]
[Source "ChessBase"]
[SourceDate "1996.11.15"]

1. e4 e5 2. Nf3 Nc6 3. Bb5 f5 4. d3 fxe4 5. dxe4 Nf6 6. O-O Bc5 7. Qe2 d6 8.
Qc4 Bd7 9. Bxc6 bxc6 10. Nxe5 Qe7 11. Nxd7 Nxd7 12. Nd2 Rb8 13. c3 Ne5 14. Qe2
O-O 15. Nb3 Bb6 16. Nd4 Rbe8 17. Kh1 Qf6 18. Bd2 d5 19. f4 Nc4 20. e5 Nxd2 21.
Qxd2 Rxe5 22. Nxc6 Rh5 23. g4 Rh4 24. Qxd5+ Kh8 25. Ne5 Rh3 26. Rad1 h5 27. Qg2
hxg4 28. Nd7 Qh6 29. Nxf8 g3 30. Rd2 Kg8 31. Qd5+ Kh8 32. Ng6+ Qxg6 33. Re1 Be3
34. Rg2 Kh7 35. Qf3 Bd2 36. Rxd2 Rh5 37. Rg2 Kg8 38. Rxg3 Qf6 39. Kg1 Rh4 40.
Qg2 1-0

[Event "Aarhus Mesterskabet"]
[Site "Aarhus"]
[Date "1995.??.??"]
[Round "6"]
[White "Jensen, Vagn"]
[Black "Hansen, Lars"]
[Result "1-0"]
[WhiteElo "2270"]
[BlackElo "2220"]
[PlyCount "65"]
[EventDate "1995.??.??"]
[EventType "tourn"]
[EventRounds "7"]
[EventCountry "DEN"]
[EventCategory "2"]
[SourceTitle "EXT 1997"]
[Source "ChessBase"]
[SourceDate "1996.11.15"]

1. e4 e5 2. d4 exd4 3. Nf3 d6 4. Qxd4 Nf6 5. Nc3 Be7 6. Bg5 O-O 7. O-O-O Nc6 8.
Qd2 Re8 9. Bb5 Bd7 10. Rhe1 a6 11. Bxc6 Bxc6 12. Nd4 h6 13. Bf4 Bf8 14. f3 Nd7
15. g4 Ne5 16. h4 Bd7 17. Qf2 b5 18. h5 b4 19. Nd5 c6 20. Ne3 Qa5 21. Kb1 Be6
22. b3 c5 23. Ndf5 c4 24. Nd5 c3 25. Bc1 Qd8 26. Rg1 Bxf5 27. gxf5 Kh7 28. f6
g6 29. f4 Nd7 30. hxg6+ fxg6 31. Qg2 g5 32. fxg5 Re5 33. gxh6 1-0

[Event "Aarhus Mesterskabet"]
[Site "Aarhus"]
[Date "1995.??.??"]
[Round "4"]
[White "Jensen, Vagn"]
[Black "Sogaard, Soren"]
[Result "1-0"]
[WhiteElo "2270"]
[BlackElo "2270"]
[PlyCount "55"]
[EventDate "1995.??.??"]
[EventType "tourn"]
[EventRounds "7"]
[EventCountry "DEN"]
[EventCategory "2"]
[SourceTitle "EXT 1997"]
[Source "ChessBase"]
[SourceDate "1996.11.15"]

1. e4 c5 2. Nf3 e6 3. d4 cxd4 4. Nxd4 a6 5. Nc3 Qc7 6. Be2 b6 7. O-O Bb7 8. f4
d6 9. Be3 Nd7 10. Bh5 g6 11. Bf3 e5 12. fxe5 dxe5 13. Nd5 Qd6 14. Ne2 Bxd5 15.
exd5 f5 16. Nc3 Ngf6 17. g4 h5 18. gxf5 gxf5 19. Kh1 Bh6 20. Bg1 Bf4 21. Ne2
Kf7 22. Nxf4 exf4 23. Qd3 Kg6 24. Bd4 Ng4 25. Rg1 Kg5 26. h4+ Kxh4 27. Qxf5
Nde5 28. Bxe5 1-0

[Event "Aarhus Mesterskabet"]
[Site "Aarhus"]
[Date "1995.??.??"]
[Round "1"]
[White "Jensen, Vagn"]
[Black "Pedersen, Nicolai Vesterbaek"]
[Result "1-0"]
[WhiteElo "2270"]
[BlackElo "2295"]
[PlyCount "59"]
[EventDate "1995.??.??"]
[EventType "tourn"]
[EventRounds "7"]
[EventCountry "DEN"]
[EventCategory "2"]
[SourceTitle "EXT 1997"]
[Source "ChessBase"]
[SourceDate "1996.11.15"]

1. e4 e5 2. f4 Qh4+ 3. g3 Qe7 4. Nc3 exf4 5. d4 fxg3 6. Bf4 c6 7. Qd2 d6 8.
O-O-O Bg4 9. Re1 gxh2 10. Rxh2 Qd7 11. Nh3 h5 12. Nf2 Nh6 13. e5 dxe5 14. Bxe5
Kd8 15. Qf4 Na6 16. d5 f6 17. Bxf6+ gxf6 18. Qxf6+ Kc7 19. Qxh8 Qd6 20. Nxg4
Nxg4 21. Qh7+ Kb6 22. Na4+ Ka5 23. Qxb7 Nc7 24. Rxh5 cxd5 25. Re4 Nf6 26. Nc5
Qxc5 27. b4+ Qxb4 28. Rxb4 Bxb4 29. Qxc7+ Ka4 30. Qc6+ 1-0

[Event "Aarhus Mesterskabet"]
[Site "Aarhus"]
[Date "1995.??.??"]
[Round "2"]
[White "Jensen, Vagn"]
[Black "Pedersen, Jan"]
[Result "0-1"]
[WhiteElo "2270"]
[BlackElo "2340"]
[PlyCount "60"]
[EventDate "1995.??.??"]
[EventType "tourn"]
[EventRounds "7"]
[EventCountry "DEN"]
[EventCategory "2"]
[SourceTitle "EXT 1997"]
[Source "ChessBase"]
[SourceDate "1996.11.15"]

1. e4 g6 2. d4 Bg7 3. Nc3 d6 4. f4 b6 5. Nf3 c5 6. Bc4 Bb7 7. O-O cxd4 8. Nxd4
Nd7 9. e5 Rc8 10. Bb3 Nc5 11. e6 f5 12. Nxf5 Bxc3 13. bxc3 Qc7 14. Nd4 a6 15.
f5 Nf6 16. Bg5 Nce4 17. Bxf6 Nxf6 18. fxg6 hxg6 19. Rxf6 exf6 20. Qg4 Qh7 21.
Qg3 Ke7 22. Rd1 Rcd8 23. Nf3 Qh5 24. Rd4 Bxf3 25. Qxf3 Qxf3 26. gxf3 Rh5 27.
Bd5 Rc8 28. c4 b5 29. cxb5 axb5 30. c4 bxc4 0-1

[Event "Aarhus Mesterskabet"]
[Site "Aarhus"]
[Date "1995.??.??"]
[Round "6"]
[White "Pedersen, Jan"]
[Black "Rewitz, Poul"]
[Result "1-0"]
[WhiteElo "2340"]
[BlackElo "2325"]
[PlyCount "137"]
[EventDate "1995.??.??"]
[EventType "tourn"]
[EventRounds "7"]
[EventCountry "DEN"]
[EventCategory "2"]
[SourceTitle "EXT 1997"]
[Source "ChessBase"]
[SourceDate "1996.11.15"]

1. d4 d5 2. Bg5 Nc6 3. e3 f6 4. Bh4 Nh6 5. c4 e6 6. f3 Ne7 7. e4 c6 8. Nc3 Nf7
9. Bf2 g6 10. Bd3 Bg7 11. Nge2 O-O 12. Qb3 Qb6 13. Qa3 Qd8 14. O-O-O a5 15.
cxd5 exd5 16. Na4 Nd6 17. Bg3 Nc4 18. Bxc4 dxc4 19. Bd6 Re8 20. Bxe7 Rxe7 21.
Nb6 Rxe4 22. fxe4 Qxb6 23. Qc3 Qb4 24. a3 Qxc3+ 25. Nxc3 Bg4 26. Rde1 b5 27. h3
Bd7 28. Rd1 Rb8 29. d5 f5 30. dxc6 Bxc6 31. Nd5 Re8 32. exf5 gxf5 33. Rhf1 Re2
34. Nc3 Re5 35. Rd6 Rc5 36. g4 b4 37. Rxf5 Rxf5 38. gxf5 Bf3 39. axb4 axb4 40.
Nd5 Be5 41. Rd8+ Kg7 42. Nxb4 Bf4+ 43. Kc2 Be4+ 44. Kc3 Bxf5 45. Kxc4 Bxh3 46.
Nd5 Bg5 47. Ra8 h5 48. b4 h4 49. b5 Bf1+ 50. Kc5 h3 51. b6 Bh4 52. b7 Bf2+ 53.
Kb4 Bg3 54. Ne3 Bd6+ 55. Kb3 Bd3 56. Kc3 Be4 57. Ra4 h2 58. Rxe4 h1=Q 59. Nf5+
Kf6 60. Nxd6 Qc1+ 61. Kb4 Qd2+ 62. Kc5 Qa5+ 63. Kc6 Qa6+ 64. Kd7 Qa7 65. Rf4+
Kg6 66. Rb4 Qb8 67. Ne8 Kf5 68. Nc7 Ke5 69. Rb5+ 1-0

[Event "Aarhus Mesterskabet"]
[Site "Aarhus"]
[Date "1995.??.??"]
[Round "4"]
[White "Pedersen, Jan"]
[Black "Sobjerg, Erik"]
[Result "0-1"]
[WhiteElo "2340"]
[BlackElo "2275"]
[PlyCount "76"]
[EventDate "1995.??.??"]
[EventType "tourn"]
[EventRounds "7"]
[EventCountry "DEN"]
[EventCategory "2"]
[SourceTitle "EXT 1997"]
[Source "ChessBase"]
[SourceDate "1996.11.15"]

1. e4 e5 2. Nc3 Nf6 3. g3 c6 4. d4 Qa5 5. dxe5 Nxe4 6. Qd4 Nxc3 7. bxc3 Bc5 8.
Qd3 d6 9. exd6 O-O 10. Ne2 Re8 11. Bg2 Bg4 12. O-O Rxe2 13. h3 Re6 14. hxg4
Rxd6 15. Qf5 Nd7 16. Bf4 g6 17. Qe4 Re6 18. Qc4 Ne5 19. Qb3 Bb6 20. g5 Rae8 21.
Rad1 Qa6 22. Rd2 R6e7 23. a4 Ng4 24. c4 Ne5 25. Bxe5 Rxe5 26. Rd7 R5e7 27. Rxe7
Rxe7 28. c5 Bxc5 29. Rd1 Bxf2+ 30. Kh2 Qe2 31. Rd8+ Kg7 32. Qc3+ Qe5 33. Qxe5+
Rxe5 34. Rd7 Rxg5 35. Rxb7 Bxg3+ 36. Kh3 Bf4 37. Rxa7 Rg3+ 38. Kh2 Rc3+ 0-1

[Event "Aarhus Mesterskabet"]
[Site "Aarhus"]
[Date "1995.??.??"]
[Round "3"]
[White "Pedersen, Jan"]
[Black "Pedersen, Nicolai Vesterbaek"]
[Result "0-1"]
[WhiteElo "2340"]
[BlackElo "2295"]
[PlyCount "102"]
[EventDate "1995.??.??"]
[EventType "tourn"]
[EventRounds "7"]
[EventCountry "DEN"]
[EventCategory "2"]
[SourceTitle "EXT 1997"]
[Source "ChessBase"]
[SourceDate "1996.11.15"]

1. e4 e5 2. Nf3 Nc6 3. c3 d5 4. d3 Nf6 5. Nbd2 a5 6. Be2 Bc5 7. O-O O-O 8. b3
Re8 9. Qc2 b6 10. a3 Bb7 11. Rb1 Bd6 12. b4 axb4 13. axb4 Nb8 14. c4 dxe4 15.
Nxe4 Nxe4 16. dxe4 c5 17. Rd1 Qc7 18. b5 Be7 19. Bb2 Nd7 20. Ra1 Bf6 21. Ne1
Bg5 22. g3 Rad8 23. h4 Bh6 24. Bf3 Nf8 25. Bg4 g6 26. Qe2 Ba8 27. Bh3 Qb7 28.
f3 Qb8 29. Rxd8 Rxd8 30. Nd3 f6 31. Bc3 Qd6 32. Nb2 Qc7 33. Kf2 Kf7 34. Rd1 Bb7
35. Rxd8 Qxd8 36. Qd3 Qxd3 37. Nxd3 Ke7 38. Ke2 Kd6 39. Nb4 cxb4 40. Bxb4+ Kc7
41. Be7 Bg7 42. Kd3 Nd7 43. Be6 Bf8 44. Bxd7 Bxe7 45. Be8 Bc8 46. h5 gxh5 47.
Bxh5 Kd6 48. f4 Be6 49. f5 Bg8 50. Kc3 Kc5 51. Be2 h5 0-1

[Event "Aarhus Mesterskabet"]
[Site "Aarhus"]
[Date "1995.??.??"]
[Round "1"]
[White "Pedersen, Jan"]
[Black "Christensen, Jan"]
[Result "0-1"]
[WhiteElo "2340"]
[BlackElo "2240"]
[PlyCount "81"]
[EventDate "1995.??.??"]
[EventType "tourn"]
[EventRounds "7"]
[EventCountry "DEN"]
[EventCategory "2"]
[SourceTitle "EXT 1997"]
[Source "ChessBase"]
[SourceDate "1996.11.15"]

1. e4 e5 2. Nf3 Nc6 3. c3 Nf6 4. d3 d5 5. Nbd2 a5 6. Be2 Bc5 7. O-O O-O 8. Qc2
Qe7 9. h3 h6 10. Re1 Re8 11. Nf1 a4 12. Be3 a3 13. b4 d4 14. bxc5 dxe3 15. fxe3
Qxc5 16. d4 Qe7 17. Ng3 Bd7 18. Bd3 Nh7 19. Rab1 Ng5 20. Rxb7 Nxf3+ 21. gxf3
Bxh3 22. f4 Nd8 23. Rb5 exf4 24. exf4 Qh4 25. Qf2 Ne6 26. Rh5 Qxf4 27. Rxh3
Qxf2+ 28. Kxf2 Nf4 29. Bf1 Nxh3+ 30. Bxh3 Reb8 31. Bd7 Rb2+ 32. Re2 Rab8 33.
Ke3 h5 34. Bc6 h4 35. Nf5 Rxe2+ 36. Kxe2 Rb2+ 37. Kd3 Rxa2 38. Bd5 Rh2 39. e5
h3 40. e6 fxe6 41. Bxe6+ 0-1

[Event "Aarhus Mesterskabet"]
[Site "Aarhus"]
[Date "1995.??.??"]
[Round "6"]
[White "Pedersen, Nicolai Vesterbaek"]
[Black "Christensen, Jan"]
[Result "1-0"]
[WhiteElo "2295"]
[BlackElo "2240"]
[PlyCount "93"]
[EventDate "1995.??.??"]
[EventType "tourn"]
[EventRounds "7"]
[EventCountry "DEN"]
[EventCategory "2"]
[SourceTitle "EXT 1997"]
[Source "ChessBase"]
[SourceDate "1996.11.15"]

1. e4 e5 2. Nf3 Nc6 3. Nc3 Nf6 4. Bb5 Bb4 5. O-O O-O 6. d3 d6 7. Bg5 Bxc3 8.
bxc3 Qe7 9. Re1 Nd8 10. d4 Ne6 11. Bc1 Rd8 12. a4 c6 13. Bf1 h6 14. Nh4 Nf8 15.
Qf3 N8h7 16. Nf5 Qc7 17. h4 c5 18. d5 Bxf5 19. Qxf5 g6 20. Qf3 Kg7 21. g3 Qd7
22. c4 Ng8 23. Kh2 Rf8 24. Bh3 Qd8 25. Bb2 Ne7 26. Qe3 f6 27. f4 Qc7 28. Bc3
Rae8 29. Be6 Nc6 30. f5 gxf5 31. exf5 Nd4 32. Qe4 Kh8 33. Bd2 Qg7 34. Rab1 Re7
35. c3 Nxe6 36. dxe6 Rg8 37. Re3 b6 38. Rbe1 Qf8 39. Rd3 Qe8 40. Rxd6 Reg7 41.
Qf3 Qxa4 42. Bxh6 Rg4 43. e7 Rxc4 44. Rd8 Rxh4+ 45. Kg1 e4 46. Rxg8+ Kxg8 47.
gxh4 1-0

[Event "Aarhus Mesterskabet"]
[Site "Aarhus"]
[Date "1995.??.??"]
[Round "4"]
[White "Pedersen, Nicolai Vesterbaek"]
[Black "Hansen, Lars"]
[Result "1-0"]
[WhiteElo "2295"]
[BlackElo "2220"]
[PlyCount "109"]
[EventDate "1995.??.??"]
[EventType "tourn"]
[EventRounds "7"]
[EventCountry "DEN"]
[EventCategory "2"]
[SourceTitle "EXT 1997"]
[Source "ChessBase"]
[SourceDate "1996.11.15"]

1. e4 e5 2. Nf3 Nf6 3. Nc3 Nc6 4. Bb5 Nd4 5. Nxd4 exd4 6. e5 dxc3 7. exf6 Qxf6
8. dxc3 Bd6 9. Qe2+ Be7 10. O-O O-O 11. Be3 Re8 12. Rfe1 c6 13. Bd3 d6 14. Qh5
g6 15. Bg5 gxh5 16. Bxf6 Be6 17. Bxe7 Rxe7 18. Re4 Rae8 19. f3 Bd5 20. Rxe7
Rxe7 21. c4 Be6 22. Re1 Re8 23. Re4 f6 24. Kf2 Bf7 25. Rd4 Rd8 26. f4 c5 27.
Re4 Re8 28. Rxe8+ Bxe8 29. Be4 b6 30. Ke3 Kg7 31. f5 Bd7 32. Kf4 Be8 33. Bb7
Bf7 34. b3 Kf8 35. c3 Kg7 36. Bd5 Be8 37. b4 Ba4 38. Bf3 Kh6 39. Be4 a5 40. b5
Bd1 41. Bd3 h4 42. Ke4 h3 43. gxh3 Kg5 44. Kd5 Kf4 45. Kxd6 Ke3 46. Bb1 Kd2 47.
Kc6 a4 48. Kxb6 a3 49. Kxc5 Kc1 50. Be4 Bb3 51. b6 Kb2 52. b7 Kxa2 53. b8=Q Kb2
54. Bf3 a2 55. Bd1 1-0

[Event "Aarhus Mesterskabet"]
[Site "Aarhus"]
[Date "1995.??.??"]
[Round "2"]
[White "Pedersen, Nicolai Vesterbaek"]
[Black "Rewitz, Poul"]
[Result "0-1"]
[WhiteElo "2295"]
[BlackElo "2325"]
[PlyCount "116"]
[EventDate "1995.??.??"]
[EventType "tourn"]
[EventRounds "7"]
[EventCountry "DEN"]
[EventCategory "2"]
[SourceTitle "EXT 1997"]
[Source "ChessBase"]
[SourceDate "1996.11.15"]

1. e4 c6 2. d4 d5 3. exd5 cxd5 4. Bd3 Nc6 5. c3 Qc7 6. Bg5 Nf6 7. Qb3 e6 8. Nd2
Bd6 9. Ne2 Bd7 10. Bh4 a6 11. a4 Na5 12. Qc2 Nc4 13. Nf3 h6 14. b3 Na5 15. Bg3
Nc6 16. Bxd6 Qxd6 17. Ng3 Rc8 18. Qb2 O-O 19. O-O Rfe8 20. Qd2 e5 21. dxe5 Nxe5
22. Nd4 Nxd3 23. Qxd3 Re5 24. Nf3 Ree8 25. c4 Be6 26. Qd4 Qb4 27. cxd5 Nxd5 28.
Rac1 Rxc1 29. Rxc1 Qxb3 30. Nh5 f6 31. Nf4 Nxf4 32. Qxf4 Bd5 33. Nh4 Bc6 34.
Nf5 Qe6 35. h3 Qe4 36. Qxe4 Rxe4 37. a5 Re5 38. Nd4 Bd5 39. Rc5 Bf7 40. Rc7
Rxa5 41. Rxb7 Ra1+ 42. Kh2 g6 43. g4 Ra2 44. Kg3 Ra3+ 45. f3 a5 46. Rb8+ Kg7
47. Rb7 Kf8 48. Rb8+ Be8 49. Kf4 Ke7 50. Ke4 a4 51. Kd5 Rc3 52. Rb7+ Bd7 53.
Ne6 Rd3+ 54. Ke4 Rb3 55. Rxd7+ Kxd7 56. Nc5+ Kd6 57. Nxb3 axb3 58. Kd3 Kd5 0-1

[Event "Aarhus Mesterskabet"]
[Site "Aarhus"]
[Date "1995.??.??"]
[Round "7"]
[White "Rewitz, Poul"]
[Black "Sobjerg, Erik"]
[Result "1/2-1/2"]
[WhiteElo "2325"]
[BlackElo "2275"]
[PlyCount "252"]
[EventDate "1995.??.??"]
[EventType "tourn"]
[EventRounds "7"]
[EventCountry "DEN"]
[EventCategory "2"]
[SourceTitle "EXT 1997"]
[Source "ChessBase"]
[SourceDate "1996.11.15"]

1. e4 e5 2. Nf3 Nc6 3. d4 exd4 4. Nxd4 Nf6 5. Nxc6 bxc6 6. e5 Qe7 7. Qe2 Nd5 8.
c4 Ba6 9. g3 g6 10. Bg2 Bg7 11. O-O O-O 12. Re1 Rfe8 13. Nd2 Qc5 14. Qg4 f5 15.
Qd1 Nb6 16. Nb3 Qxc4 17. f4 Qf7 18. Be3 Bc4 19. Rc1 Bf8 20. Bc5 Rad8 21. Bxf8
Kxf8 22. Nc5 Bd5 23. Bxd5 Qxd5 24. Qxd5 Nxd5 25. e6 d6 26. e7+ Rxe7 27. Ne6+
Ke8 28. Nxd8 Rxe1+ 29. Rxe1+ Kxd8 30. Kf2 Nb4 31. Kf3 c5 32. a3 Nc2 33. Rc1
Nd4+ 34. Ke3 a5 35. b4 axb4 36. axb4 Ne6 37. bxc5 Nxc5 38. Ra1 Ke7 39. Ra8 Ne6
40. h4 h5 41. Rg8 Kf6 42. Ra8 Ke7 43. Rg8 Kf6 44. Ra8 Ke7 45. Kd3 Nc5+ 46. Kd4
Ne4 47. Rc8 c5+ 48. Kd5 Nxg3 49. Rc7+ Kf6 50. Kxd6 Ne2 51. Rxc5 Nxf4 52. Rc8
Ng2 53. Rf8+ Kg7 54. Ke7 Nxh4 55. Rf7+ Kg8 56. Ke6 Ng2 57. Kf6 h4 58. Rg7+ Kf8
59. Rxg6 Ne3 60. Rg5 Ke8 61. Ke6 Kf8 62. Rh5 Kg7 63. Rxh4 Kg6 64. Rh3 f4 65.
Ke5 Kg5 66. Ke4 Ng4 67. Rh8 Nf6+ 68. Kf3 Kf5 69. Rh4 Nd5 70. Rh5+ Ke6 71. Rg5
Nf6 72. Ra5 Nd5 73. Ra8 Ke5 74. Re8+ Kf5 75. Re4 Nf6 76. Rxf4+ Ke5 77. Ra4 Nd5
78. Re4+ Kd6 79. Re1 Kc5 80. Ke4 Nc3+ 81. Ke5 Kc4 82. Ra1 Kd3 83. Ra7 Ke3 84.
Rd7 Ne4 85. Ra7 Nc3 86. Ra8 Kd3 87. Rh8 Kc4 88. Rd8 Nb5 89. Rd1 Nc3 90. Rd4+
Kc5 91. Rh4 Nd5 92. Rh1 Nc3 93. Rg1 Kc4 94. Rg4+ Kd3 95. Rd4+ Ke3 96. Rd8 Ne4
97. Ra8 Nc3 98. Ra3 Kd3 99. Kf4 Kd4 100. Ra8 Nd5+ 101. Kf3 Nc3 102. Rd8+ Nd5
103. Ra8 Nc3 104. Rc8 Nd5 105. Rc2 Ke5 106. Rd2 Nf6 107. Re2+ Kf5 108. Ra2 Ke5
109. Re2+ Kf5 110. Re1 Nd5 111. Rh1 Ke5 112. Rh6 Kd4 113. Re6 Nc3 114. Kf4 Nd5+
115. Kg4 Nc3 116. Kf5 Kc4 117. Ke5 Kd3 118. Rc6 Ne4 119. Rc8 Nc3 120. Rc7 Ne4
121. Rh7 Nc3 122. Rh4 Nb5 123. Rh8 Nc3 124. Rc8 Ne4 125. Rc1 Nc3 126. Rxc3+
Kxc3 1/2-1/2

[Event "Aarhus Mesterskabet"]
[Site "Aarhus"]
[Date "1995.??.??"]
[Round "3"]
[White "Rewitz, Poul"]
[Black "Hansen, Lars"]
[Result "1-0"]
[WhiteElo "2325"]
[BlackElo "2220"]
[PlyCount "111"]
[EventDate "1995.??.??"]
[EventType "tourn"]
[EventRounds "7"]
[EventCountry "DEN"]
[EventCategory "2"]
[SourceTitle "EXT 1997"]
[Source "ChessBase"]
[SourceDate "1996.11.15"]

1. e4 g6 2. d4 Bg7 3. Nc3 d6 4. Be3 a6 5. Qd2 b5 6. f3 Nd7 7. O-O-O Bb7 8. g4
Rc8 9. h4 c5 10. h5 b4 11. Nb1 Qa5 12. h6 Bxd4 13. Bxd4 cxd4 14. Qxd4 f6 15.
Bc4 Qc5 16. Qxc5 Rxc5 17. Bb3 Ne5 18. a3 bxa3 19. Nxa3 Nf7 20. Rd2 Ne5 21. c3
g5 22. Nc2 Ng6 23. Nd4 Ra5 24. Kb1 Nh4 25. Bc2 Nxh6 26. b4 Re5 27. Ba4+ Kf7 28.
Nc6 Bxc6 29. Bxc6 Kg7 30. f4 Rc8 31. Bb7 Rb8 32. fxe5 Rxb7 33. exd6 exd6 34.
Rxd6 a5 35. Rd4 axb4 36. Rxb4 Rc7 37. Ne2 Nxg4 38. Kb2 Ne5 39. Nd4 Nd3+ 40. Kb3
Re7 41. Rc4 Rxe4 42. Kc2 Ne1+ 43. Kd1 Neg2 44. Nf5+ Nxf5 45. Rxe4 Kg6 46. Rg1
Nge3+ 47. Kd2 Nd5 48. c4 Nc7 49. c5 h5 50. c6 h4 51. Rb4 Nd6 52. Rxh4 Kf5 53.
Rh7 Nde8 54. Re1 g4 55. Rhe7 g3 56. Rxe8 1-0

[Event "Aarhus Mesterskabet"]
[Site "Aarhus"]
[Date "1995.??.??"]
[Round "5"]
[White "Rewitz, Poul"]
[Black "Jensen, Vagn"]
[Result "1/2-1/2"]
[WhiteElo "2325"]
[BlackElo "2270"]
[PlyCount "96"]
[EventDate "1995.??.??"]
[EventType "tourn"]
[EventRounds "7"]
[EventCountry "DEN"]
[EventCategory "2"]
[SourceTitle "EXT 1997"]
[Source "ChessBase"]
[SourceDate "1996.11.15"]

1. e4 c5 2. Nf3 d6 3. d4 cxd4 4. Nxd4 Nf6 5. Nc3 g6 6. g3 Nc6 7. Bg2 Nxd4 8.
Qxd4 Bg7 9. a4 O-O 10. a5 Ng4 11. Qb4 Ne5 12. O-O Nc6 13. Qb5 Nd4 14. Qd3 Be6
15. Be3 Nc6 16. Qb5 Qc7 17. Nd5 Bxd5 18. exd5 Ne5 19. c3 Nc4 20. Bc1 a6 21. Qb4
Rfb8 22. Ra4 b5 23. axb6 Nxb6 24. Qa5 Qc8 25. Re4 Bf6 26. Rd1 Nd7 27. Bf1 Nc5
28. Rc4 Qf5 29. Rb4 Qc2 30. Rxb8+ Rxb8 31. Re1 h5 32. Qc7 Qb3 33. Rxe7 Bxe7 34.
Qxe7 Qxd5 35. b4 Ne6 36. Be3 Qc6 37. Bd2 Qd5 38. Be3 Qc6 39. Bd2 Re8 40. Qa7
Ra8 41. Qe3 a5 42. c4 axb4 43. Bxb4 Ra1 44. Bc3 Rb1 45. Qd3 Ng5 46. Qxb1 Nf3+
47. Kh1 Nh4+ 48. Kg1 Nf3+ 1/2-1/2

[Event "Aarhus Mesterskabet"]
[Site "Aarhus"]
[Date "1995.??.??"]
[Round "6"]
[White "Sobjerg, Erik"]
[Black "Sogaard, Soren"]
[Result "1-0"]
[WhiteElo "2275"]
[BlackElo "2270"]
[PlyCount "43"]
[EventDate "1995.??.??"]
[EventType "tourn"]
[EventRounds "7"]
[EventCountry "DEN"]
[EventCategory "2"]
[SourceTitle "EXT 1997"]
[Source "ChessBase"]
[SourceDate "1996.11.15"]

1. e4 c5 2. Nf3 Nc6 3. Bb5 Qb6 4. Nc3 Nf6 5. e5 Ng4 6. Bxc6 Qxc6 7. O-O e6 8.
d4 d5 9. dxc5 Bxc5 10. h3 Nh6 11. Bxh6 gxh6 12. Qd2 Rg8 13. Qxh6 Bd7 14. Qf4
O-O-O 15. Nd4 Qb6 16. Nb3 f5 17. Nxc5 Qxc5 18. Rfd1 d4 19. Qxd4 Rxg2+ 20. Kxg2
Bc6+ 21. Nd5 Qxc2 22. Rac1 1-0

[Event "Aarhus Mesterskabet"]
[Site "Aarhus"]
[Date "1995.??.??"]
[Round "3"]
[White "Sobjerg, Erik"]
[Black "Jensen, Vagn"]
[Result "0-1"]
[WhiteElo "2275"]
[BlackElo "2270"]
[PlyCount "62"]
[EventDate "1995.??.??"]
[EventType "tourn"]
[EventRounds "7"]
[EventCountry "DEN"]
[EventCategory "2"]
[SourceTitle "EXT 1997"]
[Source "ChessBase"]
[SourceDate "1996.11.15"]

1. e4 g6 2. d4 Bg7 3. Nc3 d6 4. Bg5 c6 5. Qd2 Nd7 6. f4 b5 7. a3 a6 8. Be2 Nb6
9. b3 Qc7 10. Nf3 c5 11. Rd1 cxd4 12. Nxd4 Bb7 13. Nd5 Nxd5 14. exd5 Nf6 15. c4
bxc4 16. bxc4 Ne4 17. Qe3 Qa5+ 18. Kf1 Nxg5 19. fxg5 O-O 20. h4 e6 21. h5 exd5
22. Qh3 Rfe8 23. hxg6 hxg6 24. Qd7 Qb6 25. Rh4 Rad8 26. Qh3 Re4 27. Nf3 Qe3 28.
Rxe4 dxe4 29. Ne1 Qxg5 30. Nc2 Be5 31. Ne3 Kg7 0-1

[Event "Aarhus Mesterskabet"]
[Site "Aarhus"]
[Date "1995.??.??"]
[Round "1"]
[White "Sobjerg, Erik"]
[Black "Hansen, Lars"]
[Result "1/2-1/2"]
[WhiteElo "2275"]
[BlackElo "2220"]
[PlyCount "37"]
[EventDate "1995.??.??"]
[EventType "tourn"]
[EventRounds "7"]
[EventCountry "DEN"]
[EventCategory "2"]
[SourceTitle "EXT 1997"]
[Source "ChessBase"]
[SourceDate "1996.11.15"]

1. e4 g6 2. d4 Bg7 3. Nc3 d6 4. Bg5 a6 5. Bc4 b5 6. Bd5 c6 7. Bb3 Nd7 8. Nf3
Qc7 9. O-O Ngf6 10. Re1 e5 11. a3 O-O 12. Qd2 Re8 13. dxe5 dxe5 14. Rad1 Nc5
15. Qd6 Qxd6 16. Rxd6 Nxb3 17. Bxf6 Bxf6 18. Rxf6 Nd4 19. Rd6 1/2-1/2